00583nam a22001817a 450000500170000000800410001702000170005803700090007504000130008408200080009710000230010524501120012830000330024050000610027365000280033494200220036299900170038420100427114323.0100427t xxu||||| |||| 00| 0 eng d c240.00 (Pbk) bGift aDPLbENG a004 a Alok Kumar926934 aUpkar's multidimensional computer course :ba book of know all about personal computer /cby Dr. Alok Kumar a472p. ;billu.c27 cm. (Pbk) awith free copy of quick reference and keyboard shortcuts aComputer Science926935 2ddccENh004mALO c68629d68629